| 000 | 00783nam a22001817a 4500 | ||
|---|---|---|---|
| 999 |
_c11686 _d11686 |
||
| 003 | AR-CdUCM | ||
| 008 | 190404b ||||| |||| 00| 0 spa d | ||
| 040 |
_aMUNICIPALIDAD PROVINCIAL DEL CUSCO _cBIBLIOTECA MUNICIPAL DEL CUSCO |
||
| 082 |
_aEP / 118 / _bEN56 |
||
| 100 |
_aEncinas, José Luis _929174 |
||
| 245 |
_aProhibido pegar : _bAgresiones entre niños en la escuela / |
||
| 260 |
_aLima : _bAyni ediciones, _c1994. |
||
| 300 |
_a108 paginas _c20 cm. |
||
| 505 | _aContenido :Mitos y creencias sobre la agresión infantil -- Estudios sobre agresión en humanos y animales -- Etiologia y funciones de la agresión infantil -- El problema de las agresiones en la escuela -- Esperando la salida ... | ||
| 650 |
_aEducación primaria _91561 |
||
| 942 |
_2ddc _cLIBROS |
||
| 945 | _arum | ||